[Event "Cultural Village Chess Tournament 2007"]
[Site "Wijk aan Zee"]
[Date "2007.11.19"]
[Round "1.1"]
[White "Rogozenko, Dorian"]
[Black "Willemze, Thomas"]
[Result "1-0"]
[WhiteElo "2519"]
[BlackElo "2417"]
[PlyCount "127"]
[EventDate "2007.11.19"]
[EventType "tourn"]
[EventRounds "9"]
[EventCountry "NED"]
[Source "lmi"]
[SourceDate "2007.11.19"]

1. d4 Nf6 2. c4 e6 3. g3 d5 4. Nf3 Be7 5. Bg2 O-O 6. Qc2 Nbd7 7. O-O c5 8. cxd5
exd5 9. Nc3 Re8 10. Rd1 c4 11. b3 Nb6 12. bxc4 Nxc4 13. Nxd5 Nxd5 14. Qxc4 Be6
15. Qd3 Nb4 16. Qd2 Rc8 17. Ne1 Qa5 18. Bb2 Qb5 19. a4 Qb6 20. a5 Qb5 21. Rdb1
Ba2 22. Rc1 Bc4 23. Bc3 Bg5 24. e3 Nd5 25. Rab1 Qd7 26. Nf3 Nxe3 27. Nxg5 Nxg2
28. Kxg2 Qd5+ 29. Kg1 h6 30. Nh3 Qf5 31. Nf4 g5 32. d5 gxf4 33. Qd4 f6 34. d6
Bd3 35. Qxf6 Qxf6 36. Bxf6 Bxb1 37. Rxb1 Kf7 38. d7 Kxf6 39. Kg2 f3+ 40. Kh3
Red8 41. dxc8=Q Rxc8 42. Kg4 Rc5 43. Rxb7 Rxa5 44. Kxf3 Rf5+ 45. Kg2 Ra5 46. h4
Ra2 47. g4 a5 48. Rb6+ Kg7 49. Kg3 a4 50. Ra6 a3 51. Ra7+ Kf8 52. h5 Ra1 53. f3
a2 54. Kf4 Kg8 55. Kf5 Rf1 56. Rxa2 Rxf3+ 57. Kg6 Rf8 58. Ra6 Rb8 59. Kxh6 Kh8
60. g5 Kg8 61. g6 Rc8 62. Ra5 Rb8 63. Kg5 Rc8 64. h6 1-0

[Event "Cultural Village Chess Tournament 2007"]
[Site "Wijk aan Zee"]
[Date "2007.11.19"]
[Round "1.2"]
[White "Akesson, Ralf"]
[Black "Den Heeten, Djurre"]
[Result "1-0"]
[WhiteElo "2468"]
[BlackElo "2258"]
[PlyCount "45"]
[EventDate "2007.11.19"]
[EventType "tourn"]
[EventRounds "9"]
[EventCountry "NED"]
[Source "lmi"]
[SourceDate "2007.11.19"]

1. d4 e6 2. c4 b6 3. e4 Bb7 4. Nc3 Bb4 5. f3 Ne7 6. Bd3 O-O 7. Nge2 Ng6 8. O-O
c5 9. d5 Bxc3 10. Nxc3 e5 11. f4 exf4 12. e5 Qh4 13. Nb5 Na6 14. Nd6 Nxe5 15.
Rxf4 Qe7 16. Bxh7+ Kxh7 17. Qh5+ Kg8 18. Rh4 Nf3+ 19. gxf3 Qe1+ 20. Kg2 Qe2+
21. Kg3 Qe1+ 22. Kf4 g5+ 23. Qxg5# 1-0

[Event "Cultural Village Chess Tournament 2007"]
[Site "Wijk aan Zee"]
[Date "2007.11.19"]
[Round "1.3"]
[White "Van Oosterom, Chiel"]
[Black "Ris, Robert"]
[Result "0-1"]
[WhiteElo "2401"]
[BlackElo "2381"]
[PlyCount "72"]
[EventDate "2007.11.19"]
[EventType "tourn"]
[EventRounds "9"]
[EventCountry "NED"]
[Source "lmi"]
[SourceDate "2007.11.19"]

1. e4 e5 2. Nf3 Nc6 3. Bb5 a6 4. Ba4 Nf6 5. O-O Bc5 6. c3 b5 7. Bc2 d5 8. d4
dxe4 9. dxc5 Qxd1 10. Bxd1 exf3 11. Bxf3 e4 12. Be2 O-O 13. Bg5 Nd5 14. Rd1 Be6
15. Na3 h6 16. Bd2 Ne5 17. Nc2 Ne7 18. b3 f5 19. Nd4 Kf7 20. Bf4 Kf6 21. c4 b4
22. a3 bxa3 23. Rxa3 Rfd8 24. Bxe5+ Kxe5 25. f4+ Kf6 26. b4 Rxd4 27. Rxd4 Nc6
28. Rd2 Nxb4 29. Rb2 Nc6 30. Kf2 g5 31. fxg5+ hxg5 32. Rb7 Nd4 33. Rxc7 Rb8 34.
Bf1 Rb2+ 35. Kg1 Rb1 36. Ra4 e3 0-1

[Event "Cultural Village Chess Tournament 2007"]
[Site "Wijk aan Zee"]
[Date "2007.11.19"]
[Round "1.4"]
[White "Brandenburg, Daan"]
[Black "Vasilev, Milen"]
[Result "0-1"]
[WhiteElo "2483"]
[BlackElo "2465"]
[PlyCount "144"]
[EventDate "2007.11.19"]
[EventType "tourn"]
[EventRounds "9"]
[EventCountry "NED"]
[Source "lmi"]
[SourceDate "2007.11.19"]

1. e4 e5 2. Nf3 Nc6 3. d4 exd4 4. Nxd4 Bc5 5. Nxc6 Qf6 6. Qf3 Qxf3 7. gxf3 bxc6
8. Nd2 Ne7 9. Nb3 Bb6 10. c4 c5 11. Rg1 O-O 12. Bd2 d6 13. Bc3 f6 14. f4 Bb7
15. f3 a5 16. a4 Bc6 17. Bh3 Kf7 18. Kd2 Ng6 19. f5 Ne5 20. Bxe5 dxe5 21. Kc3
Rfd8 22. Bf1 g5 23. Bd3 h5 24. h4 Rg8 25. Nd2 Rg7 26. b3 Rag8 27. Be2 gxh4 28.
Rh1 Be8 29. Rxh4 Kf8 30. Rah1 Rg2 31. Kd3 c6 32. Nf1 Bc7 33. Ne3 R2g5 34. Nd1
Bd6 35. Nf2 Bf7 36. Ke3 Ke8 37. Nd3 Rh8 38. f4 Rg3+ 39. Bf3 Ke7 40. Kf2 Rhg8
41. Ke2 exf4 42. Nxf4 Bxf4 43. Rxf4 Rg1 44. Rfh4 Rxh1 45. Bxh1 Kd6 46. Rh3 Ke5
47. Rd3 h4 48. Rh3 Rh8 49. Ke3 Rb8 50. Kd2 Rd8+ 51. Ke2 Rb8 52. Kd2 Rh8 53. Ke3
Rh7 54. Bf3 Bg8 55. Bd1 Rd7 56. Bc2 Rh7 57. Bd1 Bf7 58. Rh2 h3 59. Bf3 Be8 60.
Rd2 Rb7 61. Bd1 Rd7 62. Rxd7 Bxd7 63. Bg4 h2 64. Bf3 Be8 65. Bg2 Bh5 66. Kd2
Bg4 67. Ke1 Bh5 68. Bh1 Kf4 69. Kf2 Bd1 70. e5 Kxe5 71. Bxc6 Bxb3 72. Kg3 Bxa4
0-1

[Event "Cultural Village Chess Tournament 2007"]
[Site "Wijk aan Zee"]
[Date "2007.11.19"]
[Round "1.5"]
[White "Reinderman, Dimitri"]
[Black "Armas, Julius"]
[Result "1-0"]
[WhiteElo "2510"]
[BlackElo "2366"]
[PlyCount "109"]
[EventDate "2007.11.19"]
[EventType "tourn"]
[EventRounds "9"]
[EventCountry "NED"]
[Source "lmi"]
[SourceDate "2007.11.19"]

1. e4 c5 2. Nf3 d6 3. d4 cxd4 4. Nxd4 Nf6 5. Nc3 a6 6. Bg5 e6 7. f4 Nbd7 8. Qf3
Qc7 9. O-O-O b5 10. Bd3 Bb7 11. Rhe1 Be7 12. Qg3 Nc5 13. e5 dxe5 14. fxe5 Nd5
15. Nxd5 Bxd5 16. Bxe7 Qxe7 17. Qxg7 O-O-O 18. g3 Bxa2 19. Qg4 Qc7 20. Kd2 Rd5
21. Nf3 Bb3 22. Ke3 Rhd8 23. Rd2 Bc4 24. Red1 Nd7 25. Be4 Qc5+ 26. Kf4 Rxe5 27.
Rxd7 Rxe4+ 28. Kxe4 f5+ 29. Kf4 fxg4 30. Rxd8+ Kc7 31. R8d7+ Kb6 32. R7d6+ Ka5
33. Nh4 Bd5 34. Ra1+ Kb4 35. Rdxa6 Qxc2 36. Kxg4 Qe4+ 37. Kg5 Qe5+ 38. Kh6 Be4
39. Rf1 Kb3 40. Ra3+ Kxb2 41. Re3 Qd5 42. Rf2+ Ka1 43. Re1+ Bb1 44. Rff1 Qd2+
45. Kg7 Qb2+ 46. Kf7 b4 47. Nf3 Ka2 48. Rxb1 Qc2 49. Ra1+ Kb2 50. Rfb1+ Qxb1
51. Rxb1+ Kxb1 52. Kxe6 Kc2 53. Nd4+ Kd3 54. Ke5 Ke3 55. g4 1-0

[Event "Cultural Village Chess Tournament 2007"]
[Site "Wijk aan Zee"]
[Date "2007.11.20"]
[Round "2.1"]
[White "Willemze, Thomas"]
[Black "Armas, Julius"]
[Result "1-0"]
[WhiteElo "2417"]
[BlackElo "2366"]
[PlyCount "91"]
[EventDate "2007.11.19"]
[EventType "tourn"]
[EventRounds "9"]
[EventCountry "NED"]
[Source "lmi"]
[SourceDate "2007.11.19"]

1. e4 c5 2. Nf3 d6 3. d4 Nf6 4. Nc3 cxd4 5. Nxd4 a6 6. Be3 e5 7. Nde2 Be6 8. f4
Nbd7 9. f5 Bc4 10. Nc1 Rc8 11. Bxc4 Rxc4 12. Qd3 d5 13. Nxd5 Nxd5 14. exd5 b5
15. Nb3 Qh4+ 16. g3 Qg4 17. Nd2 Bc5 18. b3 e4 19. Qe2 Qxe2+ 20. Kxe2 Rc3 21.
Bxc5 Nxc5 22. b4 Nb7 23. Nxe4 Rc4 24. Kd3 Kd7 25. c3 Rd8 26. f6 g6 27. Nd2 Rg4
28. Ne4 Nd6 29. Rhe1 Nxe4 30. Rxe4 Rg5 31. Re7+ Kd6 32. a4 Rxd5+ 33. Kc2 bxa4
34. Rxa4 a5 35. Rxa5 Rxa5 36. bxa5 Ra8 37. Rxf7 Ke6 38. Rb7 Rxa5 39. f7 Rf5 40.
Kd3 Kd6 41. Ra7 Kc6 42. Ke4 Kd6 43. c4 Rf2 44. c5+ Kxc5 45. Ke5 Kb6 46. Re7 1-0

[Event "Cultural Village Chess Tournament 2007"]
[Site "Wijk aan Zee"]
[Date "2007.11.20"]
[Round "2.2"]
[White "Vasilev, Milen"]
[Black "Reinderman, Dimitri"]
[Result "0-1"]
[WhiteElo "2465"]
[BlackElo "2510"]
[PlyCount "138"]
[EventDate "2007.11.19"]
[EventType "tourn"]
[EventRounds "9"]
[EventCountry "NED"]
[Source "lmi"]
[SourceDate "2007.11.19"]

1. d4 f5 2. Nf3 Nf6 3. c4 g6 4. g3 Bg7 5. Bg2 O-O 6. O-O d6 7. Nc3 c6 8. d5 e5
9. dxe6 Bxe6 10. Qd3 Re8 11. Ng5 Nbd7 12. Nxe6 Rxe6 13. Qc2 Nb6 14. b3 d5 15.
Bb2 dxc4 16. bxc4 Nxc4 17. Qb3 b5 18. Nxb5 cxb5 19. Bxf6 Bxf6 20. Qxb5 Nb6 21.
Qb3 Qe8 22. Bxa8 Bxa1 23. Rxa1 Nxa8 24. Rc1 Kg7 25. Qb7+ Re7 26. Qb2+ Kg8 27.
Qb3+ Rf7 28. a4 h5 29. a5 Kg7 30. Rc3 Qd8 31. Rc5 Nc7 32. Qc3+ Kh7 33. Qc4 Re7
34. h4 Ne6 35. Rd5 Qc7 36. Qd3 Nc5 37. Qd4 Ne4 38. Rd8 Rg7 39. Rd5 Qc1+ 40. Kg2
Qc3 41. Qa4 Qc7 42. Qd4 Nc3 43. Re5 Rd7 44. Qe3 Nd5 45. Qd4 Nf6 46. Qa1 Rd1 47.
Qb2 Rd2 48. Qb5 Rd7 49. a6 Qd6 50. f3 Kg7 51. Kh3 Re7 52. Rxe7+ Qxe7 53. Qb2
Qc7 54. Qd4 Kf7 55. Qd3 Nd7 56. Qb3+ Ke7 57. Qg8 Qc6 58. Qa2 Qe6 59. Qa3+ Ke8
60. Qd3 Kd8 61. Qb5 Qb6 62. Qc4 Qg1 63. Qg8+ Kc7 64. Qc4+ Kb6 65. Qe6+ Ka5 66.
Qa2+ Kb5 67. Qd5+ Nc5 68. f4 Qf1+ 69. Kh2 Qxe2+ 0-1

[Event "Cultural Village Chess Tournament 2007"]
[Site "Wijk aan Zee"]
[Date "2007.11.20"]
[Round "2.3"]
[White "Ris, Robert"]
[Black "Brandenburg, Daan"]
[Result "1/2-1/2"]
[WhiteElo "2381"]
[BlackElo "2483"]
[PlyCount "55"]
[EventDate "2007.11.19"]
[EventType "tourn"]
[EventRounds "9"]
[EventCountry "NED"]
[Source "lmi"]
[SourceDate "2007.11.19"]

1. e4 c5 2. Nf3 d6 3. d4 cxd4 4. Nxd4 Nf6 5. Nc3 e6 6. Be3 Be7 7. Be2 O-O 8.
O-O Nc6 9. f4 a6 10. a4 Qc7 11. Kh1 Re8 12. a5 Nxa5 13. e5 dxe5 14. fxe5 Qxe5
15. Bf4 Qc5 16. Na4 Qa7 17. Be3 Rd8 18. Bd3 b6 19. b4 e5 20. bxa5 exd4 21. Bg5
Ng4 22. Nxb6 Bxg5 23. Nxc8 Raxc8 24. Qxg4 Be3 25. Rf3 g6 26. Rf6 Rc5 27. Raf1
Rf8 28. Rxa6 1/2-1/2

[Event "Cultural Village Chess Tournament 2007"]
[Site "Wijk aan Zee"]
[Date "2007.11.20"]
[Round "2.4"]
[White "Den Heeten, Djurre"]
[Black "Van Oosterom, Chiel"]
[Result "0-1"]
[WhiteElo "2258"]
[BlackElo "2401"]
[PlyCount "68"]
[EventDate "2007.11.19"]
[EventType "tourn"]
[EventRounds "9"]
[EventCountry "NED"]
[Source "lmi"]
[SourceDate "2007.11.19"]

1. e4 c5 2. Nc3 d6 3. d3 Nc6 4. g4 e5 5. Bg2 Be6 6. Be3 h6 7. Nd5 Be7 8. c3 Bg5
9. h3 Nge7 10. Ne2 Ng6 11. O-O Bxe3 12. fxe3 Nh4 13. Ng3 Ne7 14. Nh5 O-O 15.
Nxe7+ Qxe7 16. Qe2 Qg5 17. Bh1 Rab8 18. Kh2 b5 19. Rg1 Rb6 20. a3 a5 21. Raf1
c4 22. d4 b4 23. axb4 axb4 24. Rf5 Bxf5 25. gxf5 bxc3 26. Rxg5 Rxb2 27. Rxg7+
Kh8 28. Kg3 Rxe2 29. Kxh4 exd4 30. exd4 Re1 31. Rg2 Rxe4+ 32. Kg3 Rg8+ 33. Kf3
Rxg2 34. Kxe4 Rg1 0-1

[Event "Cultural Village Chess Tournament 2007"]
[Site "Wijk aan Zee"]
[Date "2007.11.20"]
[Round "2.5"]
[White "Rogozenko, Dorian"]
[Black "Akesson, Ralf"]
[Result "1-0"]
[WhiteElo "2519"]
[BlackElo "2468"]
[PlyCount "51"]
[EventDate "2007.11.19"]
[EventType "tourn"]
[EventRounds "9"]
[EventCountry "NED"]
[Source "lmi"]
[SourceDate "2007.11.19"]

1. d4 Nf6 2. c4 g6 3. Nc3 d5 4. cxd5 Nxd5 5. e4 Nxc3 6. bxc3 Bg7 7. Bc4 O-O 8.
Ne2 c5 9. O-O Nc6 10. Be3 Bg4 11. f3 Na5 12. Bd3 cxd4 13. cxd4 Be6 14. d5 Bxa1
15. Qxa1 f6 16. Bh6 Re8 17. Kh1 Rc8 18. Nf4 Bd7 19. e5 Nc4 20. e6 Bb5 21. Qe1
Nd6 22. Bb1 g5 23. Bxg5 fxg5 24. Qe5 Rf8 25. Qxg5+ Kh8 26. Ng6+ 1-0

[Event "Cultural Village Chess Tournament 2007"]
[Site "Wijk aan Zee"]
[Date "2007.11.21"]
[Round "3.1"]
[White "Akesson, Ralf"]
[Black "Willemze, Thomas"]
[Result "1-0"]
[WhiteElo "2468"]
[BlackElo "2417"]
[PlyCount "57"]
[EventDate "2007.11.19"]
[EventType "tourn"]
[EventRounds "9"]
[EventCountry "NED"]
[Source "lmi"]
[SourceDate "2007.11.19"]

1. d4 Nf6 2. c4 e6 3. Nf3 c5 4. d5 b5 5. Bg5 exd5 6. cxd5 d6 7. e4 a6 8. Nfd2
Be7 9. Bf4 O-O 10. a4 Re8 11. axb5 Nxe4 12. Nxe4 f5 13. Be2 fxe4 14. Nc3 Bf6
15. O-O Bb7 16. Re1 Qb6 17. Bh5 Bxc3 18. bxc3 Rf8 19. Qg4 Bxd5 20. Rad1 Qb7 21.
Bxd6 Nd7 22. bxa6 Rxa6 23. Bxf8 Nxf8 24. Qf5 Bb3 25. Rd8 Qe7 26. Re8 g6 27. Qc8
Qd6 28. Rxf8+ Kg7 29. Re8 1-0

[Event "Cultural Village Chess Tournament 2007"]
[Site "Wijk aan Zee"]
[Date "2007.11.21"]
[Round "3.2"]
[White "Van Oosterom, Chiel"]
[Black "Rogozenko, Dorian"]
[Result "0-1"]
[WhiteElo "2401"]
[BlackElo "2519"]
[PlyCount "126"]
[EventDate "2007.11.19"]
[EventType "tourn"]
[EventRounds "9"]
[EventCountry "NED"]
[Source "lmi"]
[SourceDate "2007.11.19"]

1. e4 c5 2. c3 Nf6 3. e5 Nd5 4. Nf3 Nc6 5. Bc4 Nb6 6. Bb3 d5 7. exd6 c4 8. Bc2
e5 9. O-O Bxd6 10. d4 cxd3 11. Qxd3 h6 12. Rd1 Bc7 13. Qe2 Qe7 14. b3 f5 15. a4
Qf6 16. a5 Nd7 17. Na3 O-O 18. Nb5 Bxa5 19. Ba3 e4 20. Bxf8 exf3 21. Qc4+ Kxf8
22. b4 Nce5 23. Qd5 Bb6 24. Bb3 Qf7 25. Qxf7+ Nxf7 26. c4 Nde5 27. c5 Bd8 28.
Rxa7 Rxa7 29. Nxa7 Bd7 30. Bd5 Ba4 31. Rd2 Bg5 32. Ra2 Bc6 33. Nxc6 bxc6 34.
Ra8+ Nd8 35. b5 Ke7 36. Ra7+ Ke8 37. bxc6 Nexc6 38. Rc7 Ne7 39. Bc4 fxg2 40.
Bb5+ Kf7 41. Rd7 Ne6 42. Bc4 Bf4 43. c6 Kf6 44. Bb5 Nc7 45. Bc4 Nxc6 46. Kxg2
Ne7 47. h3 Ne8 48. Rd8 Nd6 49. Rf8+ Kg5 50. Bd3 Ng6 51. Ra8 Nh4+ 52. Kf1 Be5
53. Ra4 Ng6 54. Be2 Nf4 55. Ra3 Ne4 56. Bd1 Bd4 57. Bc2 Nxf2 58. Ra4 Bc5 59.
h4+ Kg4 60. Rc4 Be3 61. Rc3 Nd5 62. Rc4+ f4 63. h5 Kxh5 0-1

[Event "Cultural Village Chess Tournament 2007"]
[Site "Wijk aan Zee"]
[Date "2007.11.21"]
[Round "3.3"]
[White "Brandenburg, Daan"]
[Black "Den Heeten, Djurre"]
[Result "1-0"]
[WhiteElo "2483"]
[BlackElo "2258"]
[PlyCount "111"]
[EventDate "2007.11.19"]
[EventType "tourn"]
[EventRounds "9"]
[EventCountry "NED"]
[Source "lmi"]
[SourceDate "2007.11.19"]

1. e4 c5 2. Nf3 Nc6 3. c3 d5 4. exd5 Qxd5 5. d4 Bg4 6. dxc5 Qxd1+ 7. Kxd1 e5 8.
b4 a5 9. Bb5 Nge7 10. Bd2 O-O-O 11. a3 e4 12. h3 exf3 13. hxg4 fxg2 14. Rg1 h5
15. gxh5 Rxh5 16. Rxg2 Ne5 17. Be2 Rh1+ 18. Kc2 Nf5 19. f4 Ng6 20. Bd3 Ngh4 21.
Rf2 g6 22. Bc4 Rd7 23. Ra2 Bh6 24. Rb2 Ng3 25. Bd3 Rh3 26. Bb5 Rd8 27. c6 a4
28. Bxa4 Ne4 29. Re2 f5 30. Be3 Nf3 31. Bb5 Rh1 32. a4 Ne1+ 33. Kb3 Nd3 34. Rh2
Re1 35. cxb7+ Kxb7 36. Rxh6 Rxe3 37. Rh7+ Kb8 38. Bxd3 Rdxd3 39. Rc2 Re1 40.
Na3 Ra1 41. Kb2 Rf1 42. Rh4 Rdd1 43. a5 Nd6 44. Re2 Ne4 45. Rh8+ Kb7 46. Reh2
Rd2+ 47. Rxd2 Nxd2 48. Rh7+ Kb8 49. a6 Rxf4 50. Nb5 Nc4+ 51. Kb3 Nb6 52. Rh8+
Nc8 53. a7+ Kb7 54. Rxc8 Kb6 55. a8=Q Rxb4+ 56. cxb4 1-0

[Event "Cultural Village Chess Tournament 2007"]
[Site "Wijk aan Zee"]
[Date "2007.11.21"]
[Round "3.4"]
[White "Reinderman, Dimitri"]
[Black "Ris, Robert"]
[Result "1-0"]
[WhiteElo "2510"]
[BlackElo "2381"]
[PlyCount "83"]
[EventDate "2007.11.19"]
[EventType "tourn"]
[EventRounds "9"]
[EventCountry "NED"]
[Source "lmi"]
[SourceDate "2007.11.19"]

1. e4 e5 2. Nf3 Nc6 3. Bb5 a6 4. Ba4 d6 5. d4 b5 6. Bb3 Nxd4 7. Nxd4 exd4 8. c3
d3 9. Qxd3 Nf6 10. O-O Be7 11. Bf4 O-O 12. Nd2 Nd7 13. Bd5 Rb8 14. b4 Ne5 15.
Qc2 c6 16. Bb3 a5 17. a3 Ra8 18. h3 Kh8 19. Be3 f5 20. f4 Nc4 21. Bxc4 bxc4 22.
Nxc4 Ba6 23. Nxa5 Bxf1 24. Rxf1 Rxa5 25. bxa5 Qxa5 26. exf5 Qxa3 27. Bd4 c5 28.
Bf2 d5 29. Rd1 Rd8 30. Qe2 c4 31. Bd4 Bc5 32. Qe5 Bxd4+ 33. Qxd4 Qd6 34. Re1
Rf8 35. Re5 Rd8 36. Re6 Qd7 37. Qe5 Qa7+ 38. Kh2 Qf7 39. f6 d4 40. cxd4 gxf6
41. Rxf6 Qg7 42. Rc6 1-0

[Event "Cultural Village Chess Tournament 2007"]
[Site "Wijk aan Zee"]
[Date "2007.11.21"]
[Round "3.5"]
[White "Armas, Julius"]
[Black "Vasilev, Milen"]
[Result "0-1"]
[WhiteElo "2366"]
[BlackElo "2465"]
[PlyCount "72"]
[EventDate "2007.11.19"]
[EventType "tourn"]
[EventRounds "9"]
[EventCountry "NED"]
[Source "lmi"]
[SourceDate "2007.11.19"]

1. e4 c5 2. d3 Nc6 3. g3 g6 4. Bg2 Bg7 5. f4 d6 6. Nf3 e5 7. c3 Nge7 8. O-O O-O
9. Na3 h6 10. f5 gxf5 11. Nh4 f4 12. Qh5 Ng6 13. Nxg6 fxg6 14. Qxg6 Rf6 15. Qh5
Qf8 16. Nb5 Ne7 17. Nc7 Rb8 18. Ne8 Rg6 19. Nxg7 Qxg7 20. Rf2 Kh7 21. gxf4 Bg4
22. Qh4 Rg8 23. Kf1 Bc8 24. Bh3 Rg1+ 25. Ke2 Ng6 26. Qh5 Bxh3 27. Qxh3 Nxf4+
28. Bxf4 Rxa1 29. Bxh6 Qxh6 30. Rf7+ Rg7 31. Rxg7+ Kxg7 32. Qd7+ Kg8 33. Qg4+
Qg7 34. Qe6+ Qf7 35. Qc8+ Kg7 36. Qg4+ Kh6 0-1

[Event "Cultural Village Chess Tournament 2007"]
[Site "Wijk aan Zee"]
[Date "2007.11.22"]
[Round "4.1"]
[White "Willemze, Thomas"]
[Black "Vasilev, Milen"]
[Result "0-1"]
[WhiteElo "2417"]
[BlackElo "2465"]
[PlyCount "98"]
[EventDate "2007.11.19"]
[EventType "tourn"]
[EventRounds "9"]
[EventCountry "NED"]
[Source "lmi"]
[SourceDate "2007.11.19"]

1. e4 e5 2. Nf3 Nc6 3. Nc3 Nf6 4. Bb5 Nd4 5. O-O Nxb5 6. Nxb5 c6 7. Nc3 d6 8.
d4 Qc7 9. h3 h6 10. a4 Be7 11. Qd3 g5 12. Nh2 Nh5 13. a5 Nf4 14. Bxf4 gxf4 15.
b4 Rg8 16. Kh1 Bd7 17. a6 b5 18. Rfe1 Rc8 19. Re2 Be6 20. d5 Bd7 21. Nf3 c5 22.
Nxb5 Qb6 23. c4 cxb4 24. Qb3 Bxb5 25. cxb5 Qxb5 26. Qa4 Rc1+ 27. Kh2 Qxa4 28.
Rxa4 Rb1 29. Rc2 Kd7 30. Nd2 b3 31. Rc3 Rb2 32. Rxb3 Rxd2 33. Rb7+ Ke8 34. Rc4
Rxf2 35. Rc8+ Bd8 36. Rxd8+ Kxd8 37. Rb8+ Ke7 38. Rxg8 Ra2 39. Kg1 Rxa6 40. Rh8
Ra4 41. Rxh6 Rxe4 42. Rh8 Rd4 43. Ra8 Rxd5 44. Rxa7+ Kf6 45. Kf2 Rd2+ 46. Kf3
Rd3+ 47. Kf2 e4 48. Ke2 Rb3 49. h4 Rb2+ 0-1

[Event "Cultural Village Chess Tournament 2007"]
[Site "Wijk aan Zee"]
[Date "2007.11.22"]
[Round "4.2"]
[White "Ris, Robert"]
[Black "Armas, Julius"]
[Result "1-0"]
[WhiteElo "2381"]
[BlackElo "2366"]
[PlyCount "81"]
[EventDate "2007.11.19"]
[EventType "tourn"]
[EventRounds "9"]
[EventCountry "NED"]
[Source "lmi"]
[SourceDate "2007.11.19"]

1. e4 c5 2. Nf3 d6 3. d4 Nf6 4. Nc3 cxd4 5. Nxd4 a6 6. Bg5 Nbd7 7. f4 Qc7 8.
Qe2 e6 9. O-O-O Be7 10. Nf3 Nb6 11. Qe1 Bd7 12. e5 dxe5 13. fxe5 Nfd5 14. Bxe7
Nxe7 15. Bd3 O-O-O 16. Ne4 Kb8 17. Nd6 Be8 18. Qg3 Ng6 19. Kb1 f5 20. Rhe1 Qe7
21. c4 Nd7 22. Bc2 f4 23. Qh3 Ndxe5 24. Nxe5 Nxe5 25. Nxe8 Rxd1+ 26. Bxd1 Rxe8
27. Rxe5 Qd6 28. Re1 Qd2 29. Qc3 Qxg2 30. Bf3 Qg6+ 31. Be4 Qf7 32. Qe5+ Ka8 33.
Rd1 f3 34. Rd6 Ka7 35. Qc5+ Kb8 36. Qe5 Kc8 37. Rd2 g5 38. Qxg5 Rg8 39. Qe3 Rf8
40. Qa7 Qc7 41. Bxb7+ 1-0

[Event "Cultural Village Chess Tournament 2007"]
[Site "Wijk aan Zee"]
[Date "2007.11.22"]
[Round "4.3"]
[White "Den Heeten, Djurre"]
[Black "Reinderman, Dimitri"]
[Result "0-1"]
[WhiteElo "2258"]
[BlackElo "2510"]
[PlyCount "62"]
[EventDate "2007.11.19"]
[EventType "tourn"]
[EventRounds "9"]
[EventCountry "NED"]
[Source "lmi"]
[SourceDate "2007.11.19"]

1. e4 c5 2. Nf3 Nc6 3. b3 d6 4. Bb2 e5 5. Bc4 Be7 6. h3 Nf6 7. Nc3 O-O 8. d3 a6
9. a4 Rb8 10. O-O Bd7 11. Nd2 Nb4 12. a5 Nc6 13. Nd5 Nxd5 14. Bxd5 Nxa5 15. f4
Nc6 16. Bxc6 Bxc6 17. fxe5 d5 18. exd5 Qxd5 19. Ne4 Qe6 20. Qe1 Qg6 21. Rf4 h5
22. Qf2 Ra8 23. Ba3 b6 24. Bb2 a5 25. h4 Ra7 26. Rf1 a4 27. Nf6+ gxf6 28. exf6
Bd6 29. Rf5 Bg3 30. Qe3 Bh2+ 31. Kf2 Qxf5+ 0-1

[Event "Cultural Village Chess Tournament 2007"]
[Site "Wijk aan Zee"]
[Date "2007.11.22"]
[Round "4.4"]
[White "Rogozenko, Dorian"]
[Black "Brandenburg, Daan"]
[Result "1/2-1/2"]
[WhiteElo "2519"]
[BlackElo "2483"]
[PlyCount "135"]
[EventDate "2007.11.19"]
[EventType "tourn"]
[EventRounds "9"]
[EventCountry "NED"]
[Source "lmi"]
[SourceDate "2007.11.19"]

1. d4 Nf6 2. Nf3 c5 3. d5 b5 4. Bg5 Ne4 5. Bh4 Bb7 6. a4 Qa5+ 7. Nbd2 Nxd2 8.
Qxd2 Qxd2+ 9. Nxd2 Bxd5 10. e4 Bb7 11. axb5 a6 12. bxa6 Nxa6 13. Nc4 Nc7 14.
Rxa8+ Bxa8 15. Bd3 h6 16. Kd2 d6 17. Ra1 Bc6 18. Ra7 Kd7 19. e5 Kc8 20. exd6
exd6 21. Bg3 Kb8 22. Ra5 d5 23. Ne5 Be8 24. c4 Kb7 25. Ra3 Be7 26. Rb3+ Ka7 27.
cxd5 Nxd5 28. Ra3+ Kb6 29. Nc4+ Kb7 30. Be4 Bc6 31. Na5+ Kb6 32. Nxc6 Kxc6 33.
Ra7 Kb6 34. Rd7 Bg5+ 35. Kc2 Nb4+ 36. Kb3 Re8 37. Bf3 Re7 38. Rxe7 Bxe7 39. Kc4
Bf6 40. b3 Nc6 41. Bd1 Be5 42. f4 Bd6 43. Bf2 Bxf4 44. Bxc5+ Kc7 45. g3 Bd6 46.
Be3 g5 47. Bd2 f5 48. Kd5 Kd7 49. Be2 Ne7+ 50. Kc4 Nc6 51. Kd5 Ne7+ 52. Kc4 Nc6
53. b4 f4 54. gxf4 Bxf4 55. Bxf4 gxf4 56. b5 Ne5+ 57. Kd5 f3 58. Bf1 Ng4 59.
Bh3 h5 60. Ke4 f2 61. Kf3 f1=Q+ 62. Bxf1 Nxh2+ 63. Kg2 Nxf1 64. Kxf1 Kc7 65.
Kg2 Kb6 66. Kh3 Kxb5 67. Kh4 Kc4 68. Kxh5 1/2-1/2

[Event "Cultural Village Chess Tournament 2007"]
[Site "Wijk aan Zee"]
[Date "2007.11.22"]
[Round "4.5"]
[White "Akesson, Ralf"]
[Black "Van Oosterom, Chiel"]
[Result "1-0"]
[WhiteElo "2468"]
[BlackElo "2401"]
[PlyCount "51"]
[EventDate "2007.11.19"]
[EventType "tourn"]
[EventRounds "9"]
[EventCountry "NED"]
[Source "lmi"]
[SourceDate "2007.11.19"]

1. d4 d5 2. c4 c6 3. Nc3 e5 4. dxe5 d4 5. Ne4 Qa5+ 6. Bd2 Qxe5 7. Ng3 Nf6 8.
Nf3 Qd6 9. Qc2 Be7 10. O-O-O O-O 11. Bc3 Qf4+ 12. e3 dxe3 13. fxe3 Qxe3+ 14.
Kb1 Na6 15. a3 Qb6 16. Bd3 Nc5 17. Rhe1 Be6 18. Nf5 Bxf5 19. Bxf5 Rfe8 20. Ng5
h6 21. Bh7+ Kf8 22. Nxf7 Kxf7 23. Qg6+ Kf8 24. Rxe7 Rxe7 25. Bxf6 gxf6 26. Qg8#
1-0

[Event "Cultural Village Chess Tournament 2007"]
[Site "Wijk aan Zee"]
[Date "2007.11.23"]
[Round "5.1"]
[White "Van Oosterom, Chiel"]
[Black "Willemze, Thomas"]
[Result "1/2-1/2"]
[WhiteElo "2401"]
[BlackElo "2417"]
[PlyCount "78"]
[EventDate "2007.11.19"]
[EventType "tourn"]
[EventRounds "9"]
[EventCountry "NED"]
[Source "lmi"]
[SourceDate "2007.11.19"]

1. e4 e6 2. d4 d5 3. Nc3 Nf6 4. Bg5 dxe4 5. Nxe4 Be7 6. Bxf6 gxf6 7. Nf3 f5 8.
Nc3 a6 9. g3 b5 10. Bg2 Bb7 11. O-O c5 12. Re1 b4 13. Ne2 O-O 14. Qd3 cxd4 15.
Nexd4 Nc6 16. Rad1 Nxd4 17. Nxd4 Bxg2 18. Kxg2 Qd5+ 19. Qf3 Qxf3+ 20. Nxf3 Rac8
21. Rd2 Rc5 22. Ne5 Re8 23. Kf1 Ra5 24. a3 bxa3 25. Nc4 Rb5 26. bxa3 Rc8 27.
Nd6 Bxd6 28. Rxd6 Rxc2 29. Re3 a5 30. Rf3 Rc4 31. Ra6 a4 32. Rf4 Rxf4 33. gxf4
h5 34. Rxa4 Rb3 35. Kg2 h4 36. h3 Kg7 37. Ra8 f6 38. Ra7+ Kg6 39. Ra6 Kf7
1/2-1/2

[Event "Cultural Village Chess Tournament 2007"]
[Site "Wijk aan Zee"]
[Date "2007.11.23"]
[Round "5.2"]
[White "Brandenburg, Daan"]
[Black "Akesson, Ralf"]
[Result "1/2-1/2"]
[WhiteElo "2483"]
[BlackElo "2468"]
[PlyCount "101"]
[EventDate "2007.11.19"]
[EventType "tourn"]
[EventRounds "9"]
[EventCountry "NED"]
[Source "lmi"]
[SourceDate "2007.11.19"]

1. e4 c5 2. Nf3 e6 3. d4 cxd4 4. Nxd4 Nc6 5. Nc3 a6 6. Nxc6 bxc6 7. Bd3 d5 8.
O-O Nf6 9. Qe2 Be7 10. b3 Bb7 11. Bb2 O-O 12. e5 Nd7 13. Na4 Nb6 14. Nxb6 Qxb6
15. c4 a5 16. Rac1 g6 17. h4 Bxh4 18. c5 Qa7 19. Rfd1 Ba6 20. Qe3 Bxd3 21. Rxd3
Rae8 22. Qh6 Bd8 23. Rf3 f5 24. exf6 e5 25. Qg5 d4 26. Qh4 Re6 27. Qe4 Qf7 28.
Re1 Rfe8 29. g4 h6 30. Kg2 Bxf6 31. Bc1 Qg7 32. Bd2 Bd8 33. a3 Bc7 34. b4 axb4
35. axb4 Bd8 36. Rh1 g5 37. Ra1 Qh7 38. Rf5 Qb7 39. Ra3 Kg7 40. b5 Qxb5 41.
Ra7+ R8e7 42. Rxe5 Rxa7 43. Rxe6 Bf6 44. Rxf6 Kxf6 45. Qxd4+ Kf7 46. Bc3 Re7
47. Qf6+ Ke8 48. Qg6+ Kd7 49. Qd6+ Ke8 50. Qg6+ Kd7 51. Qd6+ 1/2-1/2